00906nam a2200205 a 450000100100000000500170001000800410002702000180006804000250008610000260011124500450013726000680018230000200025050000310027071000550030195201110035695201050046795201110057299900170068300004045420201002034136.0130802s2008 mx 000 0 spa d a9789703204694 aDO-SdBNPbspacBNPHU1 aSabines, Jaime96675210aCrónica del Volcán /cJaime Sabines. aMéxico :bUniversidad Nacional Autónoma de México,c2008. a43 p. ;c16 cm. aSegunda reimpresión 20082 aUniversidad Nacional Autónoma de México942447 001050718MOaGRbGRcCTd2013-08-26iLF1l0o p40454-10r2020-06-25te. 3w2020-06-25y1ZNo se presta 001050718MOaGRbGRcCTd2013-08-26iLF1l0o p40454-20r2020-06-25w2020-06-25y1ZNo se presta 001050718MOaGRbGRcCTd2013-08-26iLF1l0o p40454-30r2020-06-25te. 2w2020-06-25y1ZNo se presta c39944d39944